000
00341nam a22001457a 4500
005
20231031172559.0
008
231031b |||||||| |||| 00| 0 eng d
082
_a
0.32
_b
ENC
245
_a
Encylopaedia Britannica
260
_a
USA
_b
William Benton
_c
1966
300
_a
1198
500
_a
Include Index
650
_a
Refrence
999
_c
34646
_d
34646